000 00536nam a2200169Ia 4500
999 _c14007
_d14007
003 OSt
005 20201021100641.0
008 190216s9999||||xx |||||||||||||| ||und||
040 _coclc
082 _a891.730108
_bCHU/L
100 _aChukhontsev, Oleg
_95970
245 0 _aLeopard 1 : Dissonant Voices /
_cOleg Chukhontsev
260 _bAn Imprint Of Harper Collins Publishers,
_c1991.
_aLondon:
300 _a447p
650 _aEnglish Short Stories
942 _cBK
_2ddc
_h891.730108
_iCHU/L
_k891.730108
_mCHU/L